El Hilo de Oro
Saved in:
| Main Author: | |
|---|---|
| Format: | Book |
| Language: | Spanish |
| Published: |
San José, Costa Rica
Trejos Hermanos
1971
|
| Subjects: | |
| Tags: |
Add Tag
No Tags, Be the first to tag this record!
|
MARC
| LEADER | 00000nam a2200000Ia 4500 | ||
|---|---|---|---|
| 008 | 170316s9999 xx 000 0 spa d | ||
| 040 | |a cru BVZT | ||
| 090 | |a 868 G-4h | ||
| 100 | |a Gamboa Alvarado, José | ||
| 245 | |a El Hilo de Oro | ||
| 260 | |a San José, Costa Rica | ||
| 260 | |b Trejos Hermanos | ||
| 260 | |c 1971 | ||
| 300 | |a 254 páginas | ||
| 650 | |a LITERATURA COSTARRICENSE | ||
| 942 | |c 15 D | ||
| 999 | |c 11166 |d 11166 | ||
